| 000 | 00930nam a2200301Ia 4500 | ||
|---|---|---|---|
| 003 | OSt | ||
| 005 | 20220912150626.0 | ||
| 006 | a|||||r|||| 00| 0 | ||
| 007 | ta | ||
| 008 | 220909b |||||||| |||| 00| 0 eng d | ||
| 020 | _a063122999X (pbk) | ||
| 024 | _a1601 | ||
| 037 | _cTextual | ||
| 040 |
_aCSL _beng _cCSL |
||
| 041 | _aeng | ||
| 082 | _aY21, P4 Y17D | ||
| 100 | _aParkin Robert Ed. | ||
| 245 | 0 | _aKinship and family: An anthropological reader | |
| 260 |
_aOxford _bBlackwell Publishing _c2004 |
||
| 300 |
_axiii,479p. _ccm. |
||
| 490 | _aBlackwell anthologies in social and cultural anthropology; 17 | ||
| 500 | _aIncludes bibliographical references; Glossary 456-459p; Index 461-479p | ||
| 650 | _a Anthropology | ||
| 650 | _aFamily ethics | ||
| 700 | _a Stone Linda Ed. | ||
| 942 |
_hY21, P4 Y17D _cTEXL _2CC |
||
| 999 |
_c51335 _d51335 |
||